50 anys d'escoltisme a Viladecans : Agrupament Escolta Sant Joan : 1956 - 2006 / Josep Lligadas Vendrell Agrupament Escolta Sant Joan :

por Lligadas Vendrell, Josep

ISBN: 84-923956-6-4
Descripción Física: 139 p. : fot. col. ; 21 cm

MARC

LEADER 00000nam a2200000Ia 4500
001 21995
003 BGR
005 20260324175731.0
008 160829s2006 xx 000 0 cat d
020 |a 84-923956-6-4 
080 |a S-1-296 
100 |a Lligadas Vendrell, Josep  |9 39426 
245 |a 50 anys d'escoltisme a Viladecans :  |b  Agrupament Escolta Sant Joan :  |b  1956 - 2006 / Josep Lligadas Vendrell 
260 |a Viladecans :  |b Ajuntament de Viladecans, Arxiu Històric de Viladecans,  |c 2006 
300 |a 139 p. :  |b  fot. col. ;  |c 21 cm 
590 |a Bibliografia.  
590 |a Títol variant: Cinquanta anys d'escoltisme a Viladecans 
650 |a Escoltes  |x Viladecans  |x Història  |9 39427 
710 1 |a Viladecans (Catalunya).  |b Ajuntament  |9 54292 
710 2 |a Agrupament Escolta Sant Joan  |9 70263 
710 2 |a Arxiu Municipal de Viladecans   |9 54293 
901 |a Arxiu 
942 |n 1  |2 udc  |c MON 
952 |0 0  |1 0  |4 0  |6 S1296  |7 1  |9 49004  |a Arxiu  |b Arxiu  |d 2016-12-01  |l 0  |o S-1-296  |p 21995  |r 2016-12-01 00:00:00  |w 2016-12-01  |y ARXIU 
999 |c 52839  |d 52839